<?xml version="1.0" encoding="UTF-8"?>
<record
    xmlns:xsi="http://www.w3.org/2001/XMLSchema-instance"
    xsi:schemaLocation="http://www.loc.gov/MARC21/slim http://www.loc.gov/standards/marcxml/schema/MARC21slim.xsd"
    xmlns="http://www.loc.gov/MARC21/slim">

  <leader>03652nam a2200325 a 4500</leader>
  <controlfield tag="003">OSt</controlfield>
  <controlfield tag="005">20240826101611.0</controlfield>
  <controlfield tag="007">cr ||||||a|c|a</controlfield>
  <controlfield tag="008">240826s2024    mx a|||fom||| 001 0 spa d</controlfield>
  <datafield tag="040" ind1=" " ind2=" ">
    <subfield code="e">rda</subfield>
  </datafield>
  <datafield tag="100" ind1="1" ind2=" ">
    <subfield code="a">Mendoza Hern&#xE1;ndez, In&#xE9;s del Rosario</subfield>
    <subfield code="9">189468</subfield>
  </datafield>
  <datafield tag="245" ind1="1" ind2="0">
    <subfield code="a">Vulnerabilidad del cultivo del mango (Mangifera indica L.) al cambio clim&#xE1;tico global en la Regi&#xF3;n Itmo de Tehuantepec /</subfield>
    <subfield code="c">por In&#xE9;s del Rosario Mendoza Hern&#xE1;ndez; director de tesis Marcial Castillo &#xC1;lvarez; secretario Virginia Emilia Ram&#xF3;n L&#xF3;pez; vocal Mart&#xED;n Gaona Ponce; suplente Berenice Vives Ju&#xE1;rez; suplente Alma Berenice Salaya Curiel.</subfield>
  </datafield>
  <datafield tag="264" ind1=" " ind2="1">
    <subfield code="a">Tabasco, M&#xE9;xico :</subfield>
    <subfield code="b">El autor,</subfield>
    <subfield code="c">2024.</subfield>
  </datafield>
  <datafield tag="300" ind1=" " ind2=" ">
    <subfield code="a">1 recurso en l&#xED;nea (109  p&#xE1;ginas):</subfield>
    <subfield code="b">cuadros, figuras.</subfield>
  </datafield>
  <datafield tag="336" ind1=" " ind2=" ">
    <subfield code="2">rdacontent</subfield>
    <subfield code="a">texto</subfield>
    <subfield code="b">txt</subfield>
  </datafield>
  <datafield tag="337" ind1=" " ind2=" ">
    <subfield code="2">rdamedia</subfield>
    <subfield code="a">computadora</subfield>
    <subfield code="b">c</subfield>
  </datafield>
  <datafield tag="338" ind1=" " ind2=" ">
    <subfield code="2">rdacarrier</subfield>
    <subfield code="a">recurso en l&#xED;nea</subfield>
    <subfield code="b">cr</subfield>
  </datafield>
  <datafield tag="502" ind1=" " ind2=" ">
    <subfield code="b">IAEZT</subfield>
    <subfield code="c">URUSSE</subfield>
  </datafield>
  <datafield tag="504" ind1=" " ind2=" ">
    <subfield code="a">Incluye referencias bibliogr&#xE1;ficas: p&#xE1;ginas 85-90.</subfield>
  </datafield>
  <datafield tag="520" ind1=" " ind2=" ">
    <subfield code="a">El mango es un frutal de gran importancia social y econ&#xF3;mica debido a su producci&#xF3;n y generaci&#xF3;n de empleo. En Oaxaca y Veracruz, el Istmo de Tehuantepec es la regi&#xF3;n l&#xED;der en la producci&#xF3;n del mango, contribuyendo con el 10% de la producci&#xF3;n nacional. Sin embargo, existe la preocupaci&#xF3;n ante la posibilidad de que el cambio clim&#xE1;tico global represente un riesgo potencial al sistema producto mango en un horizonte de futuro cercano. Por lo anterior, este trabajo busca abordar la vulnerabilidad del cultivo del mango al cambio clim&#xE1;tico global en la regi&#xF3;n del Istmo de Tehuantepec que permitan desarrollar estrategias de adaptaci&#xF3;n y mitigaci&#xF3;n a escenarios de cambio clim&#xE1;tico global regionalizados de horizonte de futuro cercano. Se realiz&#xF3; una valoraci&#xF3;n agroclim&#xE1;tica del cultivo del mango en la regi&#xF3;n del Istmo utilizando la metodolog&#xED;a de Papadakis (1980). Los resultados obtenidos muestran que, para la regi&#xF3;n del Istmo de Tehuantepec, la temperatura m&#xE1;xima y m&#xED;nima proyectan un aumento de 1.2 &#xBA;C, y la precipitaci&#xF3;n se mantiene sin cambio significativo. Respecto a los climas t&#xE9;rmicos, el modelo HADGEM2-ES prev&#xE9; incrementos en los climas t&#xE9;rmicos de un 17% en los climas Y y Z, mientras que para los climas h&#xED;dricos se mantiene sin ning&#xFA;n cambio significativo. En conclusi&#xF3;n, el cultivo del mango, de inicio, se encuentra en climas t&#xE9;rmicos ya extremos para el cultivo, sobre todo en la estaci&#xF3;n lluviosa lo que probablemente afectar&#xE1; la adaptabilidad y el rendimiento del cultivo en la regi&#xF3;n. Adem&#xE1;s, a pesar de que no se prev&#xE9; un aumento significativo en el requerimiento de riego en los escenarios clim&#xE1;ticos proyectados, un escenario clim&#xE1;tico base ya estresante desde el punto de vista t&#xE9;rmico e h&#xED;drico, m&#xE1;s las previsiones futuras de un incremento de los climas t&#xE9;rmicos m&#xE1;s c&#xE1;lidos. Estos cambios en temperatura son un riesgo no solo para la viabilidad del cultivo del mango en la regi&#xF3;n del Istmo, sino tambi&#xE9;n para la sustentabilidad econ&#xF3;mica y el bienestar de las comunidades que dependen de &#xE9;l. </subfield>
  </datafield>
  <datafield tag="650" ind1=" " ind2="4">
    <subfield code="a">Mango</subfield>
    <subfield code="x">Efecto del clima</subfield>
    <subfield code="9">70407</subfield>
  </datafield>
  <datafield tag="650" ind1=" " ind2="7">
    <subfield code="a">Mango</subfield>
    <subfield code="x">Aspectos econ&#xF3;micos</subfield>
    <subfield code="9">70398</subfield>
  </datafield>
  <datafield tag="700" ind1="1" ind2=" ">
    <subfield code="a">Castillo Alvarez, Marcial</subfield>
    <subfield code="9">20077</subfield>
    <subfield code="e">Director de tesis.</subfield>
  </datafield>
  <datafield tag="700" ind1="1" ind2=" ">
    <subfield code="a">Ram&#xF3;n L&#xF3;pez, Virginia Emelia</subfield>
    <subfield code="9">94379</subfield>
    <subfield code="e">Secretario.</subfield>
  </datafield>
  <datafield tag="700" ind1="1" ind2=" ">
    <subfield code="a">Gaona Ponce, Mart&#xED;n</subfield>
    <subfield code="9">45573</subfield>
    <subfield code="e">Vocal.</subfield>
  </datafield>
  <datafield tag="700" ind1="1" ind2=" ">
    <subfield code="a">Vives Ju&#xE1;rez, Berenice</subfield>
    <subfield code="9">135873</subfield>
    <subfield code="e">Suplente.</subfield>
  </datafield>
  <datafield tag="700" ind1="1" ind2=" ">
    <subfield code="a">Salaya Curiel, Alma Berenice</subfield>
    <subfield code="9">126812</subfield>
    <subfield code="e">Suplente.</subfield>
  </datafield>
  <datafield tag="856" ind1=" " ind2=" ">
    <subfield code="u">http://10.13.5.2/tesis/tl/1411612-3_MENDOZA_HERNANDEZ_INESDELROSARIO.pdf</subfield>
    <subfield code="z">DESCARGAR PDF</subfield>
  </datafield>
  <datafield tag="942" ind1=" " ind2=" ">
    <subfield code="2">Clasificaci&#xF3;n Universidad Aut&#xF3;noma Chapingo</subfield>
    <subfield code="c">TD</subfield>
  </datafield>
  <datafield tag="999" ind1=" " ind2=" ">
    <subfield code="c">220103</subfield>
    <subfield code="d">220103</subfield>
  </datafield>
  <datafield tag="952" ind1=" " ind2=" ">
    <subfield code="0">0</subfield>
    <subfield code="1">0</subfield>
    <subfield code="2">local</subfield>
    <subfield code="4">0</subfield>
    <subfield code="5">1</subfield>
    <subfield code="7">0</subfield>
    <subfield code="8">TesDigL</subfield>
    <subfield code="a">BD</subfield>
    <subfield code="b">BD</subfield>
    <subfield code="c">E_L</subfield>
    <subfield code="d">2024-08-26</subfield>
    <subfield code="l">0</subfield>
    <subfield code="o">Tesis digital</subfield>
    <subfield code="r">2024-08-26 09:27:25</subfield>
    <subfield code="w">2024-08-26</subfield>
    <subfield code="y">TD</subfield>
  </datafield>
</record>
